Central Library OPAC University of Rajshahi

ন্যায় পরিচয় / (Record no. 40472)

MARC details
000 -LEADER
fixed length control field 00851nam a2200229 a 4500
001 - CONTROL NUMBER
control field 40472
003 - CONTROL NUMBER IDENTIFIER
rucl marc code BD-RjUL
005 - DATE AND TIME OF LATEST TRANSACTION
control field 20211209053224.0
008 - FIXED-LENGTH DATA ELEMENTS--GENERAL INFORMATION
fixed length control field 160502s1978 ii ||||| |||| 00| 0 ben d
035 ## - SYSTEM CONTROL NUMBER
System control number (BD-RjUL) 40587
040 ## - CATALOGING SOURCE
Original cataloging agency BD-RjUL
Language of cataloging ben
Transcribing agency BD-RjUL
041 ## - LANGUAGE CODE
Language code of text/sound track or separate title ben
082 ## - DEWEY DECIMAL CLASSIFICATION NUMBER
Edition number 23
Classification number 170
Author mark and year TAN 1978
100 ## - MAIN ENTRY--PERSONAL NAME
Personal name তর্কবাগীশ, ফণীভূষণ
9 (RLIN) 124656
245 10 - TITLE STATEMENT
Title ন্যায় পরিচয় /
Statement of responsibility, etc. ফণীভূষণ তর্কবাগীশ
250 ## - EDITION STATEMENT
Edition statement ৩য় সং.
260 ## - PUBLICATION, DISTRIBUTION, ETC. (IMPRINT)
Place of publication, distribution, etc. কলিকাতা :
Name of publisher, distributor, etc. পশ্চিমবঙ্গ রাজ্য পুুস্তক পর্ষদ,
Date of publication, distribution, etc. ১৯৭৮
300 ## - PHYSICAL DESCRIPTION
Pagination [৪৭], ৫, ২৭১ পৃ. ;
Size ২১ সেমি.
650 ## - SUBJECT ADDED ENTRY--TOPICAL TERM
Topical term or geographic name as entry element দর্শনশাস্ত্র
9 (RLIN) 124659
Topical term or geographic name as entry element Ethics
9 (RLIN) 117425
942 ## - ADDED ENTRY ELEMENTS (KOHA)
Source of classification or shelving scheme Dewey Decimal Classification
Koha item type Books
Holdings
Lost status Source of classification or shelving scheme Damaged status Not for loan Collection code Permanent Location Current Location Shelving location Date acquired Source of acquisition Cost, normal purchase price Total Checkouts Full call number Date last seen Copy number Koha item type
  Dewey Decimal Classification     Non-fiction Central Library, University of Rajshahi Central Library, University of Rajshahi   12/03/1984 Indis International Collection 11.00   B 170 TAN 1978 02/05/2016 C-2 Books
  Dewey Decimal Classification     Non-fiction Central Library, University of Rajshahi Central Library, University of Rajshahi   12/03/1984 Indis International Collection 11.00   B 170 TAN 1978 02/05/2016 C-3 Books
  Dewey Decimal Classification     Non-fiction Central Library, University of Rajshahi Central Library, University of Rajshahi   12/03/1984 Indis International Collection 11.00   B 170 TAN 1978 02/05/2016 C-4 Books
  Dewey Decimal Classification     Non-fiction Central Library, University of Rajshahi Central Library, University of Rajshahi   12/03/1984 Indis International Collection 11.00   B 170 TAN 1978 02/05/2016 C-5 Books
  Dewey Decimal Classification     Non-fiction Central Library, University of Rajshahi Central Library, University of Rajshahi   12/03/1984 Indis International Collection 11.00   B 170 TAN 1978 02/05/2016 C-6 Books
  Dewey Decimal Classification     Non-fiction Central Library, University of Rajshahi Central Library, University of Rajshahi   12/03/1984 Indis International Collection 11.00   B 170 TAN 1978 02/05/2016 C-7 Books
  Dewey Decimal Classification     Non-fiction Central Library, University of Rajshahi Central Library, University of Rajshahi   12/03/1984 Indis International Collection 11.00   B 170 TAN 1978 02/05/2016 C-8 Books
  Dewey Decimal Classification     Non-fiction Central Library, University of Rajshahi Central Library, University of Rajshahi   12/03/1984 Indis International Collection 11.00   B 170 TAN 1978 02/05/2016 C-9 Books
  Dewey Decimal Classification     Non-fiction Central Library, University of Rajshahi Central Library, University of Rajshahi   12/03/1984 Tulip enterprise, Dhaka 11.00   B 170 TAN 1978 06/08/2016 C-10 Books
  Dewey Decimal Classification   Not For Loan Non-fiction Central Library, University of Rajshahi Central Library, University of Rajshahi Reading Room 12/03/1984       B 170 TAN 1978 04/12/2016 C-1 Books